000 00484nam a2200217Ia 4500
008 210210b1961 xxu||||| |||| 00| 0 eng d
041 _aeng
082 _a822/1364
100 _aGANDHI (M K)
245 _aSpeach of the supreme Vol. I
260 _aAhmedabad
_bNavajivan publishing house
_c1961
440 _aI
650 _aVol.
650 _athe
650 _asupreme
650 _aSpeach
650 _aof
650 _aI
690 _aEnglish Prose
906 _a013545
999 _c132426
_d132426